00762nac a22002051u 4500020001500000082001700015090001500032100003400047245009500081260006100176300001700237490003300254504005000287650002600337700002200363700002100385942001900406999001500425952011600440 a0444823026 a338.9bB4218 c5111d5111 a20080729  aHandbook of development economics/cEdited by Jere Behrman and T. N. SrinivasannVolume 3B aAmsterdam,The NetherlandsbElsevier,1988-1995c1988-1995 a1v.;c25 cm. aHandbooks in economics ;v 9 aIncludes bibliographical references and index aDevelopment economics aSrinivasan, T. N. aBehrman, Jere R. cBBk338.9B4218 c5111d5111 00104070aMAINbMAINc1STd2016-10-07ePurchasel2o338.9 HANp000006168r2025-07-15 00:00:00s2011-03-15yBB